Представление документа в формате MARC21

Поле Инд. ПП Название Значение
Тип записи a
Библиографический уровень m
001 Контрольный номер RU/LIBMSTU/274442899
005 Дата корректировки 20190422115302.1
020 00 a ISBN 5-94061-001-3
c Цена, тираж 88-92
084 a Индекс другой классификации/Индекс ББК 67.7
090 a Полочн. индекс 67.7
x Авторский знак Л 84
100 10 a Автор Лукичев Ю. А.
245 00 a Заглавие Правоохранительные органы Российской Федерации. Полный исторический и систематический курс
b Продолж. заглавия учебник
260 00 a Место издания Санкт-Петербург
b Издательство С.-Петерб. ин-т экспертов
c Дата издания 2000
300 00 a Объем 412 с.
440 00 a Серия Университетская книга
504 00 a Библиография Библиогр.: с. 396-400
650 _4 a Основная рубрика Правоохранительные органы Российской Федерации-Учебные издания для высших учебных заведений
653 00 a Ключевые слова Адвокатура
a Ключевые слова Милиция
a Ключевые слова Налоговые органы
a Ключевые слова Нотариат
a Ключевые слова Правоохранительные органы
a Ключевые слова Прокуратура
a Ключевые слова Судебная система
a Ключевые слова Таможенные органы
a Ключевые слова Федеральная служба безопасности
a Ключевые слова ФСБ
700 10 a Другие авторы Вахмистрова С. И.
901 t Тип документа m
952 c Вид литературы учебник
990 00 f Даты поступлений (DOS) 05.01